A companion to ethics (Record no. 20004)
[ view plain ]
| 000 -LEADER | |
|---|---|
| fixed length control field | 00607nam a2200241Ia 4500 |
| 003 - CONTROL NUMBER IDENTIFIER | |
| control field | 0100 |
| 008 - FIXED-LENGTH DATA ELEMENTS--GENERAL INFORMATION | |
| fixed length control field | 130303s9999 xx 000 0 und d |
| 020 ## - INTERNATIONAL STANDARD BOOK NUMBER | |
| International Standard Book Number | 0631187855 |
| 040 ## - CATALOGING SOURCE | |
| Transcribing agency | ARRUPELIB |
| 050 ## - LIBRARY OF CONGRESS CALL NUMBER | |
| Classification number | BJ1012.C62 1991 |
| 300 ## - PHYSICAL DESCRIPTION | |
| Other physical details | 565p. 25cm. |
| 245 #2 - TITLE STATEMENT | |
| Title | A companion to ethics |
| 260 ## - PUBLICATION, DISTRIBUTION, ETC. (IMPRINT) | |
| Place of publication, distribution, etc | Oxford |
| 260 ## - PUBLICATION, DISTRIBUTION, ETC. (IMPRINT) | |
| Name of publisher, distributor, etc | Blackwell Publishers |
| 260 ## - PUBLICATION, DISTRIBUTION, ETC. (IMPRINT) | |
| -- | 1991 |
| 300 ## - PHYSICAL DESCRIPTION | |
| Extent | xxii |
| 440 ## - SERIES STATEMENT/ADDED ENTRY--TITLE | |
| Title | Blackwell Companions to Philosophy |
| 650 ## - SUBJECT ADDED ENTRY--TOPICAL TERM | |
| Topical term or geographic name as entry element | ETHICS |
| 650 ## - SUBJECT ADDED ENTRY--TOPICAL TERM | |
| Topical term following geographic name as entry element | Africa-Culture-Philosophy |
| 650 ## - SUBJECT ADDED ENTRY--TOPICAL TERM | |
| Location of event | Africa-Intellectual life 20th century |
| 700 ## - ADDED ENTRY--PERSONAL NAME | |
| Personal name | Singer, Peter (ed.) |
| 942 00 - ADDED ENTRY ELEMENTS (KOHA) | |
| Koha issues (borrowed), all copies | 3 |
| Withdrawn status | Lost status | Source of classification or shelving scheme | Damaged status | Not for loan | Collection code | Home library | Current library | Shelving location | Date acquired | Total Checkouts | Full call number | Barcode | Date last seen | Date checked out | Copy number | Price effective from | Koha item type |
|---|---|---|---|---|---|---|---|---|---|---|---|---|---|---|---|---|---|
| Library of Congress Classification | Main Collection | ARRUPE LIBRARY | ARRUPE LIBRARY | 04/03/2013 | 6 | BJ1012.C62 1991 | 46003002238 | 27/05/2021 | 04/05/2021 | 1 | 04/03/2013 | Monograph ( Printed materials) |